The world of norm : (Record no. 235)

MARC details
000 -LEADER
fixed length control field 01155nam a22002897a 4500
001 - CONTROL NUMBER
control field 235
003 - CONTROL NUMBER IDENTIFIER
control field FISKH
005 - DATE AND TIME OF LATEST TRANSACTION
control field 20240521160938.0
008 - FIXED-LENGTH DATA ELEMENTS--GENERAL INFORMATION
fixed length control field 230309b cb ||||| |||| 00| 0 eng d
020 ## - INTERNATIONAL STANDARD BOOK NUMBER
International Standard Book Number 9781408334119
040 ## - CATALOGING SOURCE
Original cataloging agency FISKH
Language of cataloging eng
Transcribing agency FISKH
Modifying agency FISKH
050 ## - LIBRARY OF CONGRESS CALL NUMBER
Classification number PZ7
082 ## - DEWEY DECIMAL CLASSIFICATION NUMBER
Classification number 823.92
100 ## - MAIN ENTRY--PERSONAL NAME
Personal name Meres, Jonathan
245 ## - TITLE STATEMENT
Title The world of norm :
Remainder of title may still be charged /
Statement of responsibility, etc. Jonathan Meres
260 ## - PUBLICATION, DISTRIBUTION, ETC.
Place of publication, distribution, etc. London :
Name of publisher, distributor, etc. Orchard Books,
Date of publication, distribution, etc. 2015.
300 ## - PHYSICAL DESCRIPTION
Extent 251 pages :
Dimensions 20 cm
490 ## - SERIES STATEMENT
Series statement The World of Norm series
Volume/sequential designation v. 9
505 ## - FORMATTED CONTENTS NOTE
Formatted contents note H
520 ## - SUMMARY, ETC.
Summary, etc. Norm knew it was going to be one of those days when he was grounded before he'd even got up... But that's what happens when you run up a phone bill the size of a flipping bus. The trouble is Norm has no idea how it happened! All he knows is that he has to somehow pay it off if he's to go biking with Mikey. Even if that does mean going into business with the world's most annoying next door neighbor...
521 8# - TARGET AUDIENCE NOTE
Target audience note 480 <br/>
Source Lexile<br/><br/>
521 8# - TARGET AUDIENCE NOTE
Target audience note H <br/><br/>
Source Raz-Plus<br/>
650 ## - SUBJECT ADDED ENTRY--TOPICAL TERM
Topical term or geographic name entry element Boys Fiction
650 ## - SUBJECT ADDED ENTRY--TOPICAL TERM
Topical term or geographic name entry element Humorous Fiction
650 ## - SUBJECT ADDED ENTRY--TOPICAL TERM
Topical term or geographic name entry element Discipline of Children
942 ## - ADDED ENTRY ELEMENTS (KOHA)
Source of classification or shelving scheme Dewey Decimal Classification
Koha item type Books
Suppress in OPAC No
Holdings
Withdrawn status Lost status Source of classification or shelving scheme Damaged status Not for loan Collection Home library Current library Shelving location Date acquired Total Checkouts Full call number Barcode Date due Date last seen Date last checked out Copy number Price effective from Koha item type
    Dewey Decimal Classification     Juvenile Fiction Footprints International School Library Network Toul Kork Campus Footprints International School Library Network Toul Kork Campus TK Primary Library Room(4th Floor), Bookcase 1&2, Shelves 1-16, Dark Blue Books 03/09/2023 3 MER 823.92 PZ7 FISTK05303 04/22/2026 04/08/2026 04/08/2026 1 03/09/2023 Books
    Dewey Decimal Classification     Fiction Footprints International School Library Network Toul Kork Campus Footprints International School Library Network Toul Kork Campus   05/21/2024   MER 823.92 PZ7 2024-0658   05/21/2024   2 05/21/2024 Books